| 000 | 01171nam a2200277 a 4500 | ||
|---|---|---|---|
| 001 | 000334897 | ||
| 003 | AM-YeHGA | ||
| 005 | 20250618072108.0 | ||
| 008 | 040514s2002 ai 000 | arm d | ||
| 020 | _a9993071102 | ||
| 040 | _aAM-YeHGA | ||
| 041 | 0 | _aarm | |
| 100 | 1 |
_aԴոլուխանյան, Աելիտա Գուրգենի, _d1942- _93307 |
|
| 245 | 1 | 0 |
_aՄարի Ֆելիսիտե Բրոսսեն հայագետ / _cԱ. Դոլուխանյան; Խմբ.՝ Ս. Սահակյան. |
| 260 |
_aԵրևան : _bԱրտագերս, _c2002. |
||
| 300 |
_a115 էջ : _bդիմանկ. ; _c20 սմ. |
||
| 440 | 0 | _aԵվրոպացի հայագետներ | |
| 500 | _aԳիրքը նվ. է անվանի հայագետ Մարի Բրոսսեի ծննդյան 200-ամյակին | ||
| 500 | _aՀայագիտական հիմնական աշխատանքների ցանկ՝ էջ 107-113 | ||
| 500 | _aԾանոթագրություններ՝ էջ 97-106 | ||
| 600 | 1 | 4 | _aԲրոսսե, Մարի Ֆելիսիտե |
| 650 | 1 | 4 |
_aՀայագիտություն _94600 |
| 650 | 1 | 4 | _aՀայոց պատմություն |
| 700 | 1 |
_aՍահակյան, Սուրեն _eխմբ. _4edt |
|
| 090 | _c127391 | ||
| 999 |
_c126033 _d126033 |
||